000 00473ntaaa2200193 4500
003 01
005 20251027202548.0
008 0714s1973 ag 01
040 _aAR-BaBN
_bspa
_cAR-BaBN
_eaacr
_dRIC
082 _a301.4240 Sc3
100 _aScorer, C.G.
_924689
245 _aThe bible and sex ethics today
250 _a1 ed.
260 _aLondon :
_bTyndale Press,
_cc1966
300 _a124 p
500 _aLa Biblia y la ética sexual
650 _asexo
942 _cBK
999 _c20676
_d20676